Italie - Vrai ou Faux - Statistiques

Statistiques générales
  • Ce quiz a été pris 110 fois
  • Le résultat moyen est 10 sur 15
Statistiques - réponses
Question Réponse % Correct
L'île de Sardaigne fait partie de l'Italie. Vrai
92%
La Renaissance a commencé en Italie. Vrai
88%
Naples est au sud de Rome. Vrai
85%
L'Italie n'a jamais eu de roi. Faux
83%
Le sud de l'Italie est plus riche que le nord. Faux
81%
L'expresso a été inventé en Italie. Vrai
79%
L'Italie est frontalière de l'Autriche. Vrai
72%
La plupart des papes de l'histoire ont été italiens. Vrai
70%
La Scala est un lieu où l'on se rend pour assister à des courses de chevaux. Faux
69%
Rome est située sur le fleuve Pô. Faux
69%
L'Italie a remporté à 4 reprises la Coupe du Monde de la FIFA. Vrai
62%
Les farfalles sont des pâtes italiennes en forme de coquillage. Faux
61%
La marque de luxe Gucci a été fondée par un homme nommé Guccio Gucci. Vrai
52%
La péninsule italienne compte toujours moins d'habitants qu'à l'apogée de l'Empire romain. Faux
46%
À Rome, il existe un temple où les prêtres ont maintenu le culte de Jupiter sans interruption depuis avant 600 ans avant Jésus-Christ. Faux
14%
Aucun quiz correspondant
Distribution des résultats
% des personnes avec chaque résultat
Percentile par nombre de réponses
Votre historique - résultats
Vous n’avez pas pris ce quiz